| 000 | 01086nam a2200289 i 4500 | ||
|---|---|---|---|
| 001 | bg | ||
| 245 | 1 | 0 |
_aProjektowanie organizacyjne / _cPhyllis F. Schlesinger [et al.] ; przekł. Michał Rusiński, red. nauk. przekł. Wojciech Gasparski. |
| 246 |
_iTyt. oryg.: _aOrganization. Text, cases and readings on the management of organizational design and change |
||
| 260 |
_aWarszawa : _bWydawnictwo Naukowe PWN, _c1999. |
||
| 300 |
_a611, [1] s. ; _c24 cm. |
||
| 490 | 1 | _aPrzedsiębiorczość | |
| 500 | _aTyt. oryg.: "Organization. Text, cases and readings on the management of organizational design and change". | ||
| 650 | 9 |
_aOrganizacja _xprojekty |
|
| 650 | 9 |
_aKadry _xpolityka |
|
| 655 | _aPodręczniki akademickie | ||
| 700 | 1 | _aSCHLESINGER, Phyllis F. | |
| 700 | 1 |
_aRUSIŃSKI, Michał. _eTł. |
|
| 700 | 1 |
_aGASPARSKI, Wojciech _d(1936- ). _eTł. |
|
| 830 | _aPrzedsiębiorczość | ||
| 020 | _a8301125942 | ||
| 040 | _cBPK | ||
| 041 | 1 |
_apol _heng |
|
| 080 | _a65.01(075.8) | ||
| 920 | _a83-01-12594-2 | ||
| 942 | _cKS | ||
| 008 | s pl f |000 0 pol | ||
| 999 |
_c53163 _d53163 |
||
| 856 |
_uhttp://koha.tu.koszalin.pl/cgi-bin/koha/opac-detail.pl?biblionumber=53163 _yKatalog online BPK |
||